000 01310nam0a2200313 4500
001 RU\NLR\bibl\958202
005 20250614203430.0
010 _a5-98104-017-3
_9200
035 _a(NLR Aleph) 000946257
090 _a251250
_c251250
100 _a20060608d2005 |||y0rusy50 ca
101 0 _arus
102 _aRU
105 _ah |||||||||
200 1 _aДуховное единение
_eк изучению творческой биографии И.М. Гревса
_fО.Б. Вахромеева
_gотв. ред.: проф. Г.Е. Лебедева
210 _aСанкт-Петербург
_cЗнаменитые универсанты
_d2005
215 _a165 с.
_cфакс.
_d21
300 _aНа обл. подзаг.: И.М. Гревс. К истории изучения творческой биографии
320 _aБиблиогр. в примеч.: с. 138-146
320 _aУказ. имен: с. 159-165
600 1 _aГревс
_bИ.М.
_f1860 - 1941
_gИван Михайлович
_92351435
_3RU\NLR\auth\661404798
686 _aТ1(2)7-8
700 1 _aВахромеева
_bО. Б.
_gОксана Борисовна
_4070
801 0 _aRU
_bNLR
_c20060608
_grcr
801 1 _aRU
_bNLR
_c20060608
830 _aавт. по кн.
942 _cBOOK
980 _aNB